000 00312pam a2200157 a 4500
020 _c
041 _h
100 _aDr. A. B. Chakranarayan
245 _aText Book of Geology
250 _aIst
260 _c2001
300 _a270
653 _aGeology
700 _aDr. Mrs. A. P. Gokhale
930 _a198
999 _c246051
_d246051